Normal view
MARC view
- Higiene
Entry Materia
001 - NÚMERO DE CONTROL DEL REGISTRO
- campo de control: 380
003 - IDENTIFICADOR DE NUMERO DE CONTROL
- campo de control: MX-MxUPN
005 - FECHA Y HORA DE LA ÚLTIMA TRANSACCIÓN
- campo de control: 20240808095656.0
008 - DATOS DE LONGITUD FIJA
- campo de control de longitud fija: 240808n| acnnnbabn | ana |d
035 ## - NÚMERO DE CONTROL DEL SISTEMA
- Número de control del sistema: UPN10000000380
040 ## - FUENTE DE LA CATALOGACIÓN
- Centro catalogador de origen: MX-MxUPN
- Lengua de catalogación: spa
- Agencia de transcripción: MX-MxUPN
150 ## - ENCABEZAMIENTO - TEMÁTICO
- Término de materia o nombre geográfico como elemento inicial: Higiene
360 ## - REFERENCIA COMPLEJA DE VÉASE ADEMÁS - MATERIA
- Texto explicativo: Véase también subdivisión
- Encabezamiento al que se remite: CUIDADO E HIGIENE
- Texto explicativo: bajo partes del cuerpo humano. Ej. :
- Encabezamiento al que se remite: PIES - CUIDADO E HIGIENE ;
- Texto explicativo: y la subdivisión
- Encabezamiento al que se remite: SALUD E HIGIENE
- Texto explicativo: bajo clases de personas y grupos étnicos
450 ## - VÉASE - MATERIA
- Encabezamiento temático: Limpieza personal
450 ## - VÉASE - MATERIA
- Encabezamiento temático: Higiene personal
670 ## - FUENTE EN LA QUE SE LOCALIZARON DATOS
- Cita de la fuente: E
902 ## - CATALOGADOR
- Catalogador: BDV/301107
